1734 1838 1860 1441 1189 1212 1228 1683 1651 1797 1713 1613 1943 1826 1982 1581 1341 1042 1974 1856 1233 1375 1714 1877 1653 1301 1202 1480 1714 1661 1281 1412 1660 1823 1937 1797 1745 1631 1229 1823 1181 1248 1037 1528 1032 1448 1430 1937 1314 1725 1437 1420 1693 1641 1560 1804 1588 1124 1779 1377 1842 1125 1685 1362 1821 1249 1609 1440 1721 1222 1545 1021 1077 1759 1800 1668 1962 1913 1856 1645 1362 1934 1564 1271 1455 1566 1520 1133 1735 1454 1028 1174 1916 1636 1361 1447 1174 1694 1755 BCNSPRNW ULIB Ver.6.0+V

เปลี่ยนเป็นภาษาไทย

Change to English
 แสดงรายละเอียดบรรณานุกรม
  กลับหน้าหลัก

Brief Record : Get Marc (ISO 2709) : E-mail record : QR code < ปิดหน้าต่าง
LEADER : 00000nam 2200000uu 4500
001    13399124033
003     ULIB
008    150105s2556||||th 000 0 tha d
020    ^a9789746522618
060  4 ^aQS604^bก768ว
100 0  ^aเกล็ดแก้ว ด่านวิวัฒน์
245 10 ^aวิทยาเอ็มบริโอ =^bEmbryology /^cเกล็ดแก้ว ด่านวิวัฒน์
246 31 ^aEmbryology
250    ^aฉบับปรับปรุง
260    ^aกรุงเทพฯ :^bไอกรุ๊ปเพรส,^c2556
300    ^av, 139 หน้า :^bภาพประกอบ ;^c26 ซม.
650  2 ^aEmbryology, Human
650  4 ^aคัพภวิทยา (มนุษย์)
945    ^p250^l0^i037800
945    ^p250^l0^i037801
945    ^p250^l0^i037802
945    ^p250^l0^i037803
945    ^p250^l0^i037804
999    ^aเกษร โพธิ์สุวรรณ
รายการนี้ยังไม่มีแท็ก
คุณยังไม่ได้ล็อกอิน คุณสามารถมีกิจกรรมร่วมกับเว็บไซต์ได้ แต่ต้องล็อกอินก่อน ::
  ล็อกอิน

รายการสื่อสารสนเทศ

ลำดับที่ ประเภท เลขเรียก/บาร์โค้ด สถานที่ สถานะ
1. วิทยาศาสตร์การแพทย์ และสุขภาพ
หนังสือสำรอง
สถานะ=หนังสือสำรอง
QS604 ก768ว ฉ.1 
  Barcode: 037800
ห้องสมุดวิทยาเขตสวรรค์ประชารักษ์
►ส่วนจัดเก็บหนังสือเก่า สปร
บนชั้น
  ขอยืม
2. วิทยาศาสตร์การแพทย์ และสุขภาพ
วิทยาศาสตร์การแพทย์ และสุขภาพ
QS604 ก768ว ฉ.2 
  Barcode: 037801
ห้องสมุดวิทยาเขตสวรรค์ประชารักษ์
►ส่วนจัดเก็บหนังสือเก่า สปร
บนชั้น
  ขอยืม
3. วิทยาศาสตร์การแพทย์ และสุขภาพ
วิทยาศาสตร์การแพทย์ และสุขภาพ
QS604 ก768ว ฉ.3 
  Barcode: 037802
ห้องสมุดวิทยาเขตสวรรค์ประชารักษ์
►ส่วนจัดเก็บหนังสือเก่า สปร
บนชั้น
  ขอยืม
4. วิทยาศาสตร์การแพทย์ และสุขภาพ
วิทยาศาสตร์การแพทย์ และสุขภาพ
QS604 ก768ว ฉ.4 
  Barcode: 037803
ห้องสมุดวิทยาเขตสวรรค์ประชารักษ์
►ส่วนจัดเก็บหนังสือเก่า สปร
บนชั้น
  ขอยืม
5. วิทยาศาสตร์การแพทย์ และสุขภาพ
วิทยาศาสตร์การแพทย์ และสุขภาพ
QS604 ก768ว ฉ.5 
  Barcode: 037804
ห้องสมุดวิทยาเขตสวรรค์ประชารักษ์
►ส่วนจัดเก็บหนังสือเก่า สปร
บนชั้น
  ขอยืม

รายการใกล้เคียง
    ผู้แต่ง [เกล็ดแก้ว ด่านวิวัฒน์]

BibComment


ยังไม่เคยถูกคอมเมนท์

คอมเมนท์ทรัพยากรรายการนี้
  คอมเมนท์: วิทยาเอ็มบริโอ ..


 Copyright 2026. Bcnsprnw @Library